Normwerte: Klinische Chemie - Praktisch - Statistiken

Allgemein
  • Dieses Quiz wurde 3 mal gespielt
    2 seit der letzten Aktualisierung
  • Das Durchschnittsergebnis liegt bei 31 aus 61
Antwortstatistiken
Parameter Bestimmung Normwert % Korrekt
Bilirubin (gesamt) Jedrassik und Grof < 1 mg/dl
100%
Erythrozyten Urinsediment 0 - 2 / Gesichtsfeld
50%
Phosphat Farbtest 0,87 - 1,67 mmol/L
50%
Spezifisches Gewicht Unrinstick (Bromthymolblau) 1,016 - 1,022
50%
beta Serumeiweißelektrophorese 12%
50%
Totalprotein (Liquor) Biuret-Methode 1/200 der Proteinkonzentration im Serum
50%
Glomeruläre Filtrationsrate 120 ml/min
50%
Prä-beta VLDL Lipoproteinelektrophorese 1 - 22%
50%
Natrium Flammenphotometer / ISE 135 - 145 mmol/L
50%
gamma Serumeiweißelektrophorese 16%
50%
Freie EBK Absättigung + Eisenbestimmung im Überstand 160 - 280 μg/dl
50%
Transferrin-Sättigung 3,98*Eisen/Transferrin 16 - 45%
50%
Transferrin Turbidimetrie / Freie EBK: 1,27 200 - 360 mg/dl
50%
alpha HDL Lipoproteinelektrophorese 20 - 50%
50%
Calcium Flammenphozometer 2,2 - 2,6 mmol/L
50%
Totale EBK Freie EBK x 3 250 - 400 μg/dl
50%
Osmolalität Kryoskopie 275- 300 mosmol/kg
50%
Serumeisen Farbtest 30 - 200 μg/dl
50%
Kalium Flammenphotometer / ISE 3,5 - 5,0 mmol/L
50%
beta LDL Lipoproteinelektrophorese 37 - 60%
50%
alpha 1 Serumeiweißelektrophorese 4%
50%
Albumin Bromkresylgrün 40 - 52 g/L
50%
HbA1c Kapillareletrophorese 4 -6%
50%
Cholinesterase Farbtest 5000 - 13000 U/L
50%
Glukose (Liquor) Hexokinase 50% des Serum-Glukosewerts
50%
pH Urinstick (Farbindikator) 5 - 7,4
50%
Albumin Serumeiweißelektrophorese 60%
50%
Totalprotein Biuret-Methode 66 - 83 g/L
50%
Glukose (Serum) GOD/POD 70 - 110 mg/dl
50%
alpha 2 Serumeiweißelektrophorese 8%
50%
HDL-Cholesterin Farbtest > 45 mg/dl
50%
Creatinin-Clearance > 95 ml/min
50%
Bilirubin (direkt) Jedrassik und Grof < 0,25 mg/dl
50%
Protein (Albumin) Urinstick (Bromkresylgrün) < 0,3 g/L
50%
Bilirubin (indirekt) Berechnung (Gesamt - Direkt) < 0,75 mg/dl
50%
P-Amylase Farbtest < 100U/L
50%
Leukozyten Urinstick (Esteraseaktivität Granulozyten) < 10 Zellen/μl
50%
Alkalische Phosphatase Farbtest < 130 U/L
50%
LDL-Cholesterin Farbtest < 150 mg/dl
50%
Creatinkinase Optischer Test nach Warburg < 180 U/L
50%
Creatinin Jaffe-Reaktion < 1 mg/dl
50%
Cholesterin Farbtest < 200 mg/dl
50%
Triglyceride Enzymatischer Farbtest < 200 mg/dl
50%
Glukose Urinstick (GOD) < 20 mg/dl
50%
LDH Optischer test nach Warburg < 240 U/L
50%
Harnstoff Farbtest < 50 mg/dl
50%
GPT/ALT Optischer Test nach Warburg < 50 U/L
50%
GOT/AST Optischer test nach Warburg < 50 U/L
50%
Leukozyten Urinsediement < 5/Gesichtsfeld
50%
CRP Latexagglutination < 5 mg/L
50%
Erythrozyten / Hämoglobin Urinstick (Pseudoperoxidase-Aktivität HB) < 5 Zellen/μl
50%
Leukozytenzählung (Liquor) Fuchs-Rosenthal-Kammer < 5 Zellen/μl
50%
GGT Enzymatischer Farbtest < 60 U/L
50%
Harnsäure Farbtest < 7 mg/dl
50%
GLDH Optischer test nach Warburg < 7 U/L
50%
Nitrit Urinstick (Bakterielle Verstoffwechselung Nitrat) Negativ
50%
Ketone Urinstick (Probe nach Legal) Negativ
50%
Urobilinogen Urinstick (Diazoniumsalz in saurem Milieu) Negativ
50%
Bilirubin Urinstick (Diazoniumsalz) Negativ
50%
Plattenepithel Urinsediment Vereinzelt
50%
Hyaline Zylinder Urinsediment Vereinzelt
50%
Keine übereinstimmenden Quizze gefunden
Verteilung der Resultate
Anzahl Personen mit jedem Resultat
Perzentil nach korrekt beantworteten Fragen
Ihre Resultats-Entwicklung
Sie haben dieses Quiz seit der letzten Aktualisierung nicht gespielt